000 00505nmc a2200205 a 4500
003 AR-BaBNM
005 20251128211224.0
008 043020s1970 ||||||||||||||000 | spa||
040 _cAR-BaBNM
100 1 _aGarcía Lorca, Federico
245 1 0 _aLa zapatera prodigiosa
250 _a9ª ed.
260 _aBuenos Aires
_bLosada
_c1970
300 _a117 p.
490 0 _aBiblioteca clásica y contemporánea
650 4 _aTEATRO ESPANOL
655 _aLITERATURA
942 _cBK
998 _calicia
999 _c18786
_d18786